| 000 | 00723cam a2200253 4500500 | ||
|---|---|---|---|
| 005 | 20260405001952.0 | ||
| 041 | _afre | ||
| 042 | _adc | ||
| 100 | 1 | 0 |
_aLequin, Mathilde _eauthor |
| 245 | 0 | 0 | _a7 penseurs de la décroissance |
| 260 | _c2015. | ||
| 500 | _a97 | ||
| 690 | _aDécroissance | ||
| 690 | _aDiogène | ||
| 690 | _aJacques Ellul | ||
| 690 | _aLimite | ||
| 690 | _aNicholas Georgescu-Roegen | ||
| 690 | _aSaint François | ||
| 690 | _aSerge Latouche | ||
| 690 | _aSobriété | ||
| 690 | _aThoreau | ||
| 786 | 0 | _nPhilosophie magazine | 88 | 4 | 2015-04-01 | p. 49-49 | 1951-1787 | |
| 856 | 4 | 1 | _uhttps://shs.cairn.info/magazine-philosophie-magazine-2015-4-page-49?lang=fr&redirect-ssocas=7080 |
| 999 |
_c2052844 _d2052844 |
||